Would You Rather - Phoebe Bridgers (Lyrics) - Statistics

General Stats
  • This quiz has been taken 17 times
    16 since last reset
  • The average score is 151 of 187
Answer Stats
Answer % Correct
I
100%
on
100%
the
100%
to
100%
We
100%
When
100%
when
100%
Who
100%
a
88%
A
88%
and
88%
And
88%
can
88%
Come
88%
end
88%
I'm
88%
in
88%
In
88%
it
88%
Of
88%
of
88%
one
88%
rather"
88%
say
88%
way
88%
were
88%
"Would
88%
you
88%
You
88%
you're
88%
always
75%
ambulance
75%
as
75%
background
75%
be
75%
burn
75%
comes
75%
cop
75%
down
75%
drown
75%
family
75%
find
75%
fire
75%
found
75%
friends
75%
He's
75%
I'll
75%
me
75%
our
75%
out
75%
pact
75%
prefer
75%
still
75%
string
75%
suicide
75%
that
75%
tried
75%
waiting
75%
against
63%
awake
63%
bad
63%
dream
63%
face
63%
half
63%
laid
63%
man
63%
Playin'
63%
Quarantined
63%
same
63%
see
63%
suggested
63%
tall
63%
time
63%
twice
63%
up
63%
wall
63%
you'd
63%
different
50%
have
50%
hundred
50%
Next
50%
shoved
50%
show
50%
someone
50%
waving
50%
ways
50%
things
38%
touch
38%
you'll
38%
No matching quizzes found
Score Distribution
Percent of People with Each Score
Percentile by Number Answered
Your Score History
You have not taken this quiz since the last reset